000
00241nam a2200109Ia 4500
008
190216s9999||||xx |||||||||||||| ||und||
100
_a
Pottakadu S K
245
0
_a
Ezhilam Pala
260
_b
Nbs Kottayam
650
_a
Malayalam
942
_c
BK
999
_c
25252
_d
25252